00173nam a2200073 4500082001400000245005300014260002500067300000700092 a658.4 MON aMono0graphs on Industrial Technology Development bUnited Nationsc1976 a60